000 01232cam a22003613a 4500
001 5935
003 FISKH
005 20250210104738.0
008 980616s1998 nyuab j b 000 0beng d
010 _a 99481162
020 _a0590457128 (pbk.) :
_c$3.99
020 _a9780590457125
035 _a(OCoLC)ocm39298218
040 _aIHI
_cIHI
_dDPL
_dOCL
_dSPP
_dDLC
_beng
043 _an-us---
050 _aQL31.C56 M32
082 _a597.0092
100 1 _aMcGovern, Ann
_d(1930–2015)
245 1 0 _aAdventures of the shark lady :
_bEugenie Clark around the world /
_cby Ann McGovern.
250 _aThis edition first published in 1998
260 _aNew York :
_bScholastic,
_c1998.
300 _a79 pages :
_billustrations ;
_c20 cm.
440 0 _aScholastic biography
505 _aR
520 _aA biography of the ichthyologist whose interest in fish began at the age of nine during weekly trips to the Aquarium in New York City.
521 8 _a750
_bLexile
521 8 _aR
_bRaz-Plus
650 0 _aIchthyologists
_zUnited States
_vJuvenile literature.
650 0 _aSharks
_xResearch
_vJuvenile literature.
906 _a7
_bcbc
_ccopycat
_d2
_encip
_f19
_gy-genrareb
942 _2ddc
_cBK
_n0
999 _c5935
_d5935